000 00406nam a22001451a 4500
082 _aT 781.309 5487
_bBAL/C
100 _aBalasubramaniam G N
245 _aCompositions of sangeetha kalanidhi G N Balasubramaiam/
_cby Balasubramaniam G N
260 _aChennai:
_bThe Karnatic Music Book Centre,
_c2004.
300 _a88p.
650 _aCompositions Music
650 _aMusic
650 _aArts
942 _cBK
999 _c8634
_d8634